000 00628nam a2200265Ia 4500
005 20260306163501.0
008 008 260114s9999 xx 000 0 eng d
020 _a9781469677279
037 _aEBOOK
040 _aCRL
040 _beng
040 _cCRL
041 _2eng
041 _aeng
084 _qCRL
100 _aMasters
245 0 _aHigh Bias: The Distorted History Of The Cassette Tape
260 _bUniversity of North Carolina Press
260 _c2025
650 _aMusic
856 _uhttps://academic.oup.com/book/59382
942 _cEBOOK
999 _c1710282
_d1710282